Friends 30th Anniversary Quiz - Statistics

General Stats
  • This quiz has been taken 145 times
  • The average score is 8 of 15
Answer Stats
Hint Answer % Correct
In the episode where Chandler is trying to break up with Janice, he ends up boarding a plane. Which country is the plane travelling to? Yemen
90%
What type of animal is Hugsy? Penguin
85%
What was the name of Joey Tribbiani's agent, played by June Gable? Estelle Leonard
84%
Which famous actor did Joey play a 'butt double' for? Al Pacino
76%
What book does Joey read while Rachel is reading The Shining? Little Women
70%
What is the name of Ross' girlfriend who Rachel convinces to shave her head? Bonnie
69%
What is Phoebe's reoccurring fake name? Regina Phalange
62%
How many episodes of Friends – excluding the reunion special – were there? 236
56%
What was the title of the last ever episode? The Last One
54%
What was the name of Ross and Monica's childhood dog? Chi-chi
49%
What is Joey's middle name? Francis
46%
What was the name of Ross and Monica's grandma who died? Althea
42%
Where did Monica Geller mostly work as a chef? Allesandro's
23%
What is Chandler's dad's stage name? Helena Handbasket
20%
In the episode starring Brad Pitt, what food is Ross allergic too? Lobster
17%
No matching quizzes found
Score Distribution
Percent of People with Each Score
Percentile by Number Answered
Your Score History
You have not taken this quiz